| 000 | 00335nam a2200121Ia 4500 | ||
|---|---|---|---|
| 008 | 190216s9999||||xx |||||||||||||| ||und|| | ||
| 100 | _aJohn Spencer | ||
| 245 | 0 | _aWorkers For Humanity | |
| 260 |
_bGeorg G Harrap& Co _c1962 |
||
| 300 | _a128p | ||
| 650 | _aEnglish Stories-English Stories-English Stories-English Stories | ||
| 942 | _cBK | ||
| 999 |
_c11659 _d11659 |
||